000 01254nam a2200253Ia 4500
999 _c39987
_d39987
001 6593
003 GE_BSU
005 20191202113436.0
008 181216s2012||||ge |||||||||||||| ||geo||
020 _a9789941201486
040 _cGE_BSU
041 _ageo
080 _a622.24(075.8) ვ-21
100 _aვარშალომიძე, გურამ
_95645
245 _aსაბურღი და ცემენტის ხსნარების დამუშავების ტექნოლოგიები :
_bსახელმძღვ. /
_cგ. ვარშალომიძე; სამეცნ. რედ. გიორგი ბერაია; რედ. ა.ჩიქოვანი.
264 _aთბილისი :
_bტექნიკური უნივერსიტეტი,
_c2012.
300 _a367გვ. ;
_b23 სმ.
504 _a ბიბლიოგრ.: გვ. 358-359.
653 _aსაბურღი ხსნარები
653 _aცემენტის ხსნარები
700 _a ბერაია, გიორგი
_eრედაქტორი
_95646
700 _aჩიქოვანი, ა.
_eრედაქტორი
_95647
942 _cBK
_2udc